Представление документа в формате MARC21

Поле Инд. ПП Название Значение
Тип записи a
Библиографический уровень m
001 Контрольный номер c0179a57-3021-4f09-bc6d-238d43194fca
005 Дата корректировки 20250828104228.0
008 Кодируемые данные 070614
020 a ISBN 0-19-280377-8
c Цена, тираж 359.64
040 a Служба первич. каталог. НБ ТвГУ
041 0_ a Код языка текста eng
080 a Индекс УДК 94(460).088.2
084 a Индекс другой классификации/Индекс ББК Т3(4Исп)61
090 x Авторский знак G71
a Полочн. индекс Т3(4Исп)
100 1_ a Автор Graham Helen
245 14 a Заглавие The Spanish civil war
b Продолж. заглавия a very short introduction
c Ответственность Helen Graham
260 0_ a Место издания Oxford
a Место издания New York
b Издательство Oxford university press
c Дата издания 2005
300 a Объем [14], 175 p.
b Иллюстрации/ тип воспроизводства ill.
440 _0 a Серия Very short introductions
490 _0 v N тома 123
500 a Примечание НАСТОЯЩИЙ МАТЕРИАЛ (ИНФОРМАЦИЯ) ПРОИЗВЕДЕН, РАСПРОСТРАНЕН И (ИЛИ) НАПРАВЛЕН ИНОСТРАННЫМ АГЕНТОМ, ЯВЛЯЮЩИМСЯ УЧРЕДИТЕЛЕМ (ЧЛЕНОМ, УЧАСТНИКОМ, РУКОВОДИТЕЛЕМ ИЛИ ЛИЦОМ, ВХОДЯЩИМ В СОСТАВ ОРГАНА ЛИЦ УКАЗАНЫХ В ЧАСТИ 4 СТАТЬИ 9 ФЕДЕРАЛЬНОГО ЗАКОНА «О КОНТРОЛЕ ЗА ДЕЯТЕЛЬНОСТЬЮ ЛИЦ, НАХОДЯЩИХСЯ ПОД ИНОСТРАННЫМ ВЛИЯНИЕМ») ВКЛЮЧЕННОГО В РЕЕСТР ИНОСТРАННЫХ АГЕНТОВ
504 a Библиография Bibliogr.: p. 154-158. - Ind.: p. 169-175.
583 a Действие Получение впервые 142 14.06.2007
k Исполнитель действия Дар Оксфордско-Российского Фонда
650 04 a Основная рубрика Испания
x Основная подрубрика История
x Основная подрубрика Гражданская война
y Хронологическая подрубрика 1936-1939 гг.
653 0_ a Ключевые слова История Испании
a Ключевые слова Гражданская война в Испании
a Ключевые слова Гражданские войны
a Ключевые слова Оксфордско-Российский фонд
852 41 t Порядковый номер экземпляра 1
p Инвентарный номер 877371
863 t 00175761
888 a Бесплатные
930 a Новая/Ретро иностр
a Новая/Ретро англ
952 p 142.2007 359.64 1 877371
c Вид литературы К ин
954 a Дата поступления на обработку 20071005
999 a Подразделение 2 ч.з.